[Event "It"]
[Site "Oslo (Norway)"]
[Date "1973.??.??"]
[Round "2"]
[White "Ogaard Leif (NOR)"]
[Black "Kristiansen Erling (NOR)"]
[Result "1/2-1/2"]
[WhiteElo "2414"]
[BlackElo "2253"]
[Annotator ""]
[Source ""]
[Remark ""]

1.d4 Nf6 2.c4 e6 3.Nc3 Bb4 4.e3 O-O 5.Bd3 d5 6.Nf3 c5 7.O-O dxc4
8.Bxc4 b6 9.a3 cxd4 10.axb4 dxc3 11.Qxd8 Rxd8 12.bxc3 Ne4 13.Bb2
Bb7 14.Rfd1 Nc6 15.Bd3 Nd6 16.Be2 b5 17.Rd2 Kf8 18.Rad1 Ke7 19.Ba3
a6 20.c4 Ne4 21.Rxd8 Nxd8 22.Bb2 bxc4 23.Bxc4 Rc8 24.Bd3 f6 25.Nd4
Kf7 26.Nb3 Bd5 27.Na5 Rb8 28.f3 Nd6 29.e4 N8b7 30.Ba3 Ba2 31.Nxb7
Rxb7 32.Bxa6 Rb6 33.Bf1 Nc4 34.Bxc4 Bxc4 35.Rd7+ Kg6 36.Rc7 Bb5
37.Kf2 Ra6 38.Rc5 Bd3 39.Rc3 Bb5 40.Ke3 e5 41.f4 Rc6 42.Rxc6
Bxc6 43.Bb2 exf4+ 44.Kxf4 Kf7 45.Ke3 Ke6 46.Kd4 Kd6 1/2-1/2

[Event "It"]
[Site "Oslo (Norway)"]
[Date "1973.??.??"]
[Round "7"]
[White "Ogaard Leif (NOR)"]
[Black "Kristinsson Jon (ISL)"]
[Result "1-0"]
[WhiteElo "2414"]
[BlackElo "2290"]
[Annotator ""]
[Source ""]
[Remark ""]

1.d4 Nf6 2.c4 g6 3.Nc3 Bg7 4.e4 d6 5.Be2 O-O 6.Nf3 e5 7.d5 a5
8.O-O Nbd7 9.Qc2 Nc5 10.Bg5 h6 11.Be3 b6 12.Nd2 Ng4 13.Bxg4 Bxg4
14.a3 Na6 15.Rab1 Bd7 16.b4 f5 17.f3 f4 18.Bf2 axb4 19.axb4 g5
20.Kh1 Kh8 21.Qb2 h5 22.Ra1 g4 23.Ra3 g3 24.hxg3 fxg3 25.Bxg3
Qg5 26.Ne2 Rg8 27.Rf2 b5 28.Nf1 Bf6 29.Qa1 h4 30.Bh2 Bc8 31.Nc3
Bb7 32.cxb5 h3 33.g3 Nxb4 34.Rxa8 Rxa8 35.Qb1 Ra3 36.Qxb4 Qc1
37.Ne2 Qa1 38.Ng1 Bg5 39.b6 Ra4 40.Qb5 1-0

[Event "It"]
[Site "Oslo (Norway)"]
[Date "1973.??.??"]
[Round "9"]
[White "Ogaard Leif (NOR)"]
[Black "Westerinen Heikki M J (FIN)"]
[Result "1/2-1/2"]
[WhiteElo "2414"]
[BlackElo "2435"]
[Annotator ""]
[Source ""]
[Remark ""]

1.d4 Nf6 2.c4 g6 3.Nc3 Bg7 4.e4 d6 5.Be2 O-O 6.Nf3 e5 7.d5 Nfd7
8.O-O f5 9.Ng5 Nc5 10.b4 h6 11.bxc5 hxg5 12.Ba3 Na6 13.cxd6 cxd6
14.Rb1 g4 15.Rb3 Rf7 16.Nb5 Bf8 17.f3 g3 18.f4 gxh2+ 19.Kh1 exf4
20.Rxf4 fxe4 21.Qf1 Rf5 22.Nd4 Rxf4 23.Qxf4 Bg7 24.Qxe4 Qf6 25.Ne6
Bxe6 26.Qxe6+ Qxe6 27.dxe6 Be5 28.Rxb7 Nc5 29.Bxc5 dxc5 30.Bf3
Re8 31.Bd5 Kh8 32.Rb3 Re7 33.g3 Rh7 34.Rf3 Bd6 35.Be4 Re7 36.Bd5
Rh7 37.Be4 Re7 1/2-1/2

[Event "It"]
[Site "Oslo (Norway)"]
[Date "1973.??.??"]
[Round "9"]
[White "Poulsson Eivind (NOR)"]
[Black "Johannessen Svein (NOR)"]
[Result "1/2-1/2"]
[WhiteElo "2340"]
[BlackElo "2273"]
[Annotator ""]
[Source ""]
[Remark ""]

1.d4 Nf6 2.c4 c5 3.d5 e5 4.Nc3 d6 5.e4 Be7 6.Nf3 O-O 7.Be2 Nbd7
8.O-O Ne8 9.a3 g6 10.Bh6 Ng7 11.Qd2 Nf6 12.Ne1 Kh8 13.Be3 Nfh5
14.Bh6 Rg8 15.Nd3 f5 16.Qd1 Bg5 17.Bxg5 Qxg5 18.Qc1 f4 19.Ne1
Qe7 20.Qd1 Nf6 21.g4 fxg3 22.fxg3 Bh3 23.Ng2 g5 24.Qd2 h6 25.Rf2
Raf8 26.Raf1 Nge8 27.Qd3 Qh7 28.Re1 Ng4 29.Rxf8 Rxf8 30.Bxg4
Bxg4 31.Rf1 Qg7 32.Ne3 Bh3 33.Rxf8+ Qxf8 34.Qe2 1/2-1/2

[Event "It"]
[Site "Oslo (Norway)"]
[Date "1973.??.??"]
[Round "10"]
[White "Poulsson Eivind (NOR)"]
[Black "Kristiansen Erling (NOR)"]
[Result "1/2-1/2"]
[WhiteElo "2340"]
[BlackElo "2253"]
[Annotator ""]
[Source ""]
[Remark ""]

1.e4 e5 2.Nf3 Nc6 3.Bb5 a6 4.Ba4 Nf6 5.O-O Bc5 6.c3 Ba7 7.d4
b5 8.Bc2 Qe7 9.Be3 d6 10.a4 exd4 11.Nxd4 Nxd4 12.Bxd4 Bd7 13.Bxa7
Rxa7 14.axb5 Bxb5 15.Ba4 Rb7 16.c4 Bd7 1/2-1/2

[Event "It"]
[Site "Oslo (Norway)"]
[Date "1973.??.??"]
[Round "3"]
[White "Poulsson Eivind (NOR)"]
[Black "Lundin Erik (SWE)"]
[Result "1/2-1/2"]
[WhiteElo "2340"]
[BlackElo "2375"]
[Annotator ""]
[Source ""]
[Remark ""]

1.e4 e5 2.Nf3 Nc6 3.Bb5 a6 4.Ba4 d6 5.c3 Bd7 6.d4 Nge7 7.O-O
h6 8.Be3 Ng6 9.c4 Be7 10.Nc3 O-O 11.d5 Nb8 12.Bxd7 Nxd7 13.Ne2
Nc5 14.Ng3 a5 15.Bxc5 dxc5 16.Nf5 Bd6 17.g3 Kh7 18.Qd2 Ne7 19.N3h4
Nxf5 20.Nxf5 Qg5 21.Qxg5 hxg5 22.g4 g6 23.Ne3 Kg7 24.Kg2 a4 25.Rac1
Rfb8 26.f3 Kf6 27.Rc2 Ke7 28.Rff2 Ra6 29.Rfe2 Rh8 30.Rc3 Rha8
31.Rc1 Kf6 32.Kf1 Rh8 33.Kg2 Raa8 34.Rh1 Ke7 35.Rd1 Kf6 36.Rc2
Ra6 37.h3 Rha8 38.Rh1 Kg7 39.Nd1 Be7 40.Nc3 Rh8 41.Nb5 Bd6 42.Rc3
Rb6 43.Rb1 Ra8 44.Ra3 Rba6 45.Nc3 Kf6 46.b3 axb3 47.Rxa6 Rxa6
48.Rxb3 b6 49.a4 Ra8 50.Ra3 Ke7 51.Nb1 Kd7 52.Ra1 Kc8 53.Nd2
Kb7 54.Nb3 Ka6 55.Kf2 Rh8 56.Rh1 Be7 1/2-1/2

[Event "It"]
[Site "Oslo (Norway)"]
[Date "1973.??.??"]
[Round "1"]
[White "Poulsson Eivind (NOR)"]
[Black "Ogaard Leif (NOR)"]
[Result "1/2-1/2"]
[WhiteElo "2340"]
[BlackElo "2414"]
[Annotator ""]
[Source ""]
[Remark ""]

1.c4 Nf6 2.Nc3 d5 3.cxd5 Nxd5 4.g3 g6 5.Bg2 Nb6 6.d4 Bg7 7.Nf3
Nc6 8.O-O Nxd4 9.Nxd4 Bxd4 10.Nb5 Be5 11.Qxd8+ Kxd8 12.Rd1+ Bd6
13.Bf4 a6 14.Nxd6 cxd6 15.Rac1 Rb8 16.Be3 Nd7 17.Ba7 Ra8 18.Be3
Rb8 19.Ba7 Ra8 20.Be3 1/2-1/2

[Event "It"]
[Site "Oslo (Norway)"]
[Date "1973.??.??"]
[Round "7"]
[White "Poulsson Eivind (NOR)"]
[Black "Wibe Terje (NOR)"]
[Result "0-1"]
[WhiteElo "2340"]
[BlackElo "2310"]
[Annotator ""]
[Source ""]
[Remark ""]

1.e4 e5 2.Nf3 Nc6 3.Bb5 a6 4.Ba4 b5 5.Bb3 Na5 6.O-O d6 7.d4 Nxb3
8.axb3 exd4 9.Nxd4 Bb7 10.Nc3 g6 11.b4 Bg7 12.Nb3 Ne7 13.Na5
Bc8 14.Bg5 f6 15.Be3 O-O 16.Nc6 Nxc6 17.Qd5+ Rf7 18.Qxc6 Rb8
19.Qd5 Bb7 20.Qd2 f5 21.exf5 Rxf5 22.f3 Qh4 23.Ne4 Bxb2 24.Bg5
Rxg5 25.Qxg5 Bd4+ 26.Kh1 Qxg5 27.Nxg5 Bxa1 28.Rxa1 Re8 29.h4
Re2 30.Rc1 Bd5 31.Nh3 Bc4 32.Ra1 Rxc2 33.Rxa6 Ra2 0-1

[Event "It"]
[Site "Oslo (Norway)"]
[Date "1973.??.??"]
[Round "5"]
[White "Poulsson Eivind (NOR)"]
[Black "Zwaig Arne (NOR)"]
[Result "1/2-1/2"]
[WhiteElo "2340"]
[BlackElo "2439"]
[Annotator ""]
[Source ""]
[Remark ""]

1.d4 Nf6 2.Nf3 d5 3.c4 g6 4.cxd5 Nxd5 5.g3 Bg7 6.Bg2 O-O 7.O-O
Nc6 8.Nc3 Bf5 9.Re1 Nxc3 10.bxc3 Be4 11.e3 Na5 12.Nd2 Bxg2 13.Kxg2
c5 14.Nb3 cxd4 15.Nxa5 Qxa5 16.cxd4 Rfc8 17.Bb2 Rc4 18.Qb3 b5
19.Rec1 Rac8 20.Rxc4 Rxc4 21.Rc1 Qd2 22.Rxc4 bxc4 23.Qb8+ Bf8
24.Ba3 Qd3 25.Qxa7 Qe4+ 26.Kg1 Qb1+ 27.Kg2 Qxa2 28.Qc5 Qc2 29.Bb4
h5 30.h4 Qe4+ 1/2-1/2

[Event "It"]
[Site "Oslo (Norway)"]
[Date "1973.??.??"]
[Round "10"]
[White "Westerinen Heikki M J (FIN)"]
[Black "Hoen Ragnar (NOR)"]
[Result "1-0"]
[WhiteElo "2435"]
[BlackElo "2385"]
[Annotator ""]
[Source ""]
[Remark ""]

1.b4 d5 2.Bb2 Nf6 3.Nf3 e6 4.b5 Bd6 5.e3 O-O 6.Be2 Qe7 7.d4 Nbd7
8.Ne5 Ne8 9.O-O f6 10.Nxd7 Bxd7 11.c4 dxc4 12.Bxc4 Kh8 13.Nc3
f5 14.Qe2 Nf6 15.g3 c6 16.a4 e5 17.dxe5 Bxe5 18.Rfd1 Rfd8 19.Ba3
Qe8 20.Rac1 Be6 21.Bxe6 Qxe6 22.bxc6 bxc6 23.Qa2 Qe8 24.Qc4 h6
25.Ne2 Qh5 26.Kg2 Ne4 27.f3 Nf2 28.Rf1 Nd3 29.Rcd1 Nb2 30.Rxd8+
Rxd8 31.Qc2 Qe8 32.Bxb2 Bxb2 33.Qxb2 Qxe3 34.Rf2 Rd2 35.Qb8+
Kh7 36.Qf4 Rxe2 37.Qxf5+ Kg8 38.Qc8+ Kh7 39.Qf5+ Kg8 40.Rxe2
Qxe2+ 41.Kh3 Qf1+ 42.Kg4 Qc4+ 43.Qe4 Qc5 44.Qe6+ Kf8 45.Qf5+
Qxf5+ 46.Kxf5 Ke7 47.Ke5 g5 48.a5 a6 49.g4 Kd7 50.f4 gxf4 51.Kxf4
Kd6 52.h4 c5 53.Ke4 Ke6 54.h5 1-0

[Event "It"]
[Site "Oslo (Norway)"]
[Date "1973.??.??"]
[Round "3"]
[White "Westerinen Heikki M J (FIN)"]
[Black "Johannessen Svein (NOR)"]
[Result "1/2-1/2"]
[WhiteElo "2435"]
[BlackElo "2273"]
[Annotator ""]
[Source ""]
[Remark ""]

1.e4 e5 2.Nc3 Nf6 3.f4 d5 4.fxe5 Nxe4 5.Nf3 Bg4 6.Qe2 Nxc3 7.dxc3
Nc6 8.Bf4 Qd7 9.O-O-O Be7 10.Qe3 Qe6 11.Bb5 O-O 12.Kb1 Rad8 13.Rhe1
a6 14.Bd3 Rfe8 15.h3 Bh5 16.g4 Bg6 17.Bg5 Bxg5 18.Qxg5 Bxd3 19.cxd3
d4 20.Qf5 Qxf5 21.gxf5 f6 22.exf6 gxf6 23.Kc2 1/2-1/2

[Event "It"]
[Site "Oslo (Norway)"]
[Date "1973.??.??"]
[Round "8"]
[White "Westerinen Heikki M J (FIN)"]
[Black "Kovacevic Vlatko (CRO)"]
[Result "0-1"]
[WhiteElo "2435"]
[BlackElo "2485"]
[Annotator ""]
[Source ""]
[Remark ""]

1.e4 e5 2.Nf3 Nc6 3.Bb5 Nf6 4.d4 Nxe4 5.dxe5 Be7 6.O-O O-O 7.Bf4
d5 8.Qe2 a6 9.Bxc6 bxc6 10.Rd1 Bc5 11.Be3 Bxe3 12.Qxe3 Bg4 13.Nbd2
Nxd2 14.Rxd2 Bxf3 15.Qxf3 Qg5 16.Qc3 Rae8 17.Re1 Re6 18.g3 f6
19.Rde2 Qh5 20.Re3 Qg4 21.exf6 Rexf6 22.R1e2 h5 23.Re7 h4 24.Qe5
h3 25.Qe3 Kh8 26.Re8 Rxe8 27.Qxe8+ Kh7 28.Qe3 Rf3 29.Qe6 Rf5
30.Qe3 c5 31.f4 Rxf4 32.Qxf4 Qxe2 33.Qf5+ Kh6 34.Qxh3+ Kg6 35.Qc8
Qd1+ 36.Kg2 Qxc2+ 37.Kg1 Qc1+ 38.Kg2 Qxb2+ 39.Kh3 Qe2 40.Qxc7
Qf1+ 41.Kh4 c4 42.g4 Qf2+ 43.Kh3 Qf3+ 44.Kh4 c3 45.Qc5 Kh7 46.a4
Qd3 0-1

[Event "It"]
[Site "Oslo (Norway)"]
[Date "1973.??.??"]
[Round "1"]
[White "Westerinen Heikki M J (FIN)"]
[Black "Kristinsson Jon (ISL)"]
[Result "1/2-1/2"]
[WhiteElo "2435"]
[BlackElo "2290"]
[Annotator ""]
[Source ""]
[Remark ""]

1.e4 e5 2.Qh5 d6 3.Bc4 g6 4.Qf3 Qe7 5.d3 Bg7 6.Nc3 Nf6 7.Bg5
c6 8.h4 h5 9.Nge2 Be6 10.O-O-O Nbd7 11.Rd2 O-O 12.Rhd1 b5 13.Bxe6
fxe6 14.Qg3 b4 15.Nb1 Qf7 16.Rf1 d5 17.f3 c5 18.Rdd1 Nh7 19.Be3
Rac8 20.Nd2 c4 21.dxc4 dxc4 22.c3 a5 23.Kb1 Rc6 24.Rc1 Rfc8 25.f4
bxc3 26.Nxc3 exf4 27.Bxf4 Qe7 28.e5 Nhf8 29.Nde4 Qb4 30.Rc2 Nc5
31.Bg5 Nd3 32.Bf6 Bh6 33.Ka1 Rb8 34.Nd6 Rc7 35.Bg5 Bg7 36.Bf6
Bh6 37.Bg5 Bg7 1/2-1/2

[Event "It"]
[Site "Oslo (Norway)"]
[Date "1973.??.??"]
[Round "6"]
[White "Westerinen Heikki M J (FIN)"]
[Black "Poulsson Eivind (NOR)"]
[Result "0-1"]
[WhiteElo "2435"]
[BlackElo "2340"]
[Annotator ""]
[Source ""]
[Remark ""]

1.e4 e5 2.Nf3 Nc6 3.Bb5 a6 4.Ba4 Nf6 5.O-O Be7 6.Re1 b5 7.Bb3
O-O 8.h3 Bb7 9.d3 d6 10.a3 Qd7 11.Nc3 Nd4 12.Nxd4 exd4 13.Ne2
c5 14.Ng3 d5 15.exd5 Nxd5 16.Bd2 Kh8 17.Qh5 f5 18.Re5 g6 19.Qh6
Bf6 20.Re2 Qc6 21.f3 Ne3 22.Bxe3 dxe3 23.c3 Qd6 24.f4 Qe7 25.h4
Bg7 26.Qg5 Bf6 27.Qh6 Bxh4 28.Kh2 g5 29.Nh5 gxf4 30.Nxf4 Qg5
31.Qxg5 Bxg5 32.Ne6 Bh6 33.Nxf8 Rxf8 34.Be6 Rf6 35.Bd7 Bf4+ 36.Kg1
Rh6 37.Bxf5 Bh2+ 38.Kf1 Rh4 39.g4 Bf4 40.Rg2 Bxg2+ 41.Kxg2 Rh2+
42.Kg1 Rxb2 43.d4 Bh2+ 44.Kh1 Bg3 0-1

[Event "It"]
[Site "Oslo (Norway)"]
[Date "1973.??.??"]
[Round "4"]
[White "Westerinen Heikki M J (FIN)"]
[Black "Wibe Terje (NOR)"]
[Result "1-0"]
[WhiteElo "2435"]
[BlackElo "2310"]
[Annotator ""]
[Source ""]
[Remark ""]

1.e4 e5 2.Nf3 f5 3.Nxe5 Qf6 4.d4 d6 5.Nc4 fxe4 6.Ne3 c6 7.Bc4
Qg6 8.O-O Nf6 9.f3 d5 10.Bb3 exf3 11.Qxf3 Bd6 12.c4 O-O 13.cxd5
cxd5 14.Nxd5 Kh8 15.Nxf6 Rxf6 16.Qd5 Rxf1+ 17.Kxf1 Qf6+ 18.Kg1
Qf8 19.Nc3 Nc6 20.Ne4 Bc7 21.Be3 Bg4 22.Ng5 Bh5 23.Ne6 Qe8 24.Qg5 1-0

[Event "It"]
[Site "Oslo (Norway)"]
[Date "1973.??.??"]
[Round "6"]
[White "Wibe Terje (NOR)"]
[Black "Bednarski Jacek B (POL)"]
[Result "1/2-1/2"]
[WhiteElo "2310"]
[BlackElo "2400"]
[Annotator ""]
[Source ""]
[Remark ""]

1.c4 g6 2.Nc3 Bg7 3.Nf3 c5 4.d4 cxd4 5.Nxd4 Nc6 6.Nxc6 bxc6 7.e4
d6 8.Be2 Nf6 9.O-O O-O 10.Bg5 Rb8 11.b3 Nd7 12.Qd2 Re8 13.Bh6
Bh8 14.Kh1 Nc5 15.Rac1 Qa5 16.f3 Qb4 17.Qe3 a5 18.f4 Bxc3 19.Rxc3
Nxe4 20.Rd3 Nf6 21.f5 Qc5 22.fxg6 Qxe3 23.gxf7+ Kxf7 24.Rxe3
Kg6 25.Bf4 Bf5 26.g4 Be4+ 27.Kg1 e5 28.Bg3 d5 29.h4 h6 30.h5+
Kg7 31.cxd5 cxd5 32.Rc3 Rb7 33.Rc6 Ng8 34.Rfc1 a4 35.Rc7+ Rxc7
36.Rxc7+ Kh8 37.bxa4 Nf6 38.a5 d4 39.Bb5 Rb8 40.Bxe5 Rxb5 41.Bxf6+
Kg8 42.a6 Rb1+ 43.Kf2 Rb2+ 44.Kg3 Rxa2 45.a7 d3 46.Rg7+ Kf8 47.Rd7
Bc6 48.Rd6 d2 49.Be5 Ra3+ 50.Kh4 Rxa7 51.Bf4 Rd7 52.Bxh6+ Kf7
53.Rxd2 Rxd2 54.Bxd2 Kg7 55.Bc3+ Kh7 56.Kg5 Bd7 57.Bf6 Be6 1/2-1/2

[Event "It"]
[Site "Oslo (Norway)"]
[Date "1973.??.??"]
[Round "5"]
[White "Wibe Terje (NOR)"]
[Black "Johannessen Svein (NOR)"]
[Result "1/2-1/2"]
[WhiteElo "2310"]
[BlackElo "2273"]
[Annotator ""]
[Source ""]
[Remark ""]

1.e4 e6 2.d3 c5 3.Nf3 Nc6 4.c3 Nf6 5.Nbd2 d5 6.g3 Be7 7.Bg2 O-O
8.O-O b5 9.Re1 a5 10.a4 b4 11.c4 dxe4 12.dxe4 e5 13.b3 Qc7 14.Nf1
Rd8 15.N3d2 1/2-1/2

[Event "It"]
[Site "Oslo (Norway)"]
[Date "1973.??.??"]
[Round "8"]
[White "Wibe Terje (NOR)"]
[Black "Kristiansen Erling (NOR)"]
[Result "1/2-1/2"]
[WhiteElo "2310"]
[BlackElo "2253"]
[Annotator ""]
[Source ""]
[Remark ""]

1.e4 e6 2.d4 d5 3.Nd2 Nf6 4.e5 Nfd7 5.Ngf3 c5 6.Nb3 Nc6 7.Nxc5
Nxc5 8.dxc5 Bxc5 9.Bd3 Qc7 10.Bf4 Nb4 11.Bb5+ Bd7 12.Bxd7+ Qxd7
13.c3 Nc6 14.O-O O-O 1/2-1/2

[Event "It"]
[Site "Oslo (Norway)"]
[Date "1973.??.??"]
[Round "1"]
[White "Wibe Terje (NOR)"]
[Black "Lundin Erik (SWE)"]
[Result "1/2-1/2"]
[WhiteElo "2310"]
[BlackElo "2375"]
[Annotator ""]
[Source ""]
[Remark ""]

1.e4 e5 2.Nf3 Nc6 3.Bb5 a6 4.Ba4 d6 5.O-O Bd7 6.c3 Nge7 7.d4
h6 8.Nbd2 g5 9.dxe5 dxe5 10.Bxc6 Nxc6 11.Nc4 Bg7 12.Qe2 O-O 13.Rd1
Qc8 14.h4 g4 15.Nh2 h5 16.Ne3 f5 17.exf5 Bxf5 18.Nd5 Rf7 19.Bg5
Qe6 20.Nf1 Raf8 21.Rd2 Qg6 22.Ng3 Bh6 23.Bxh6 Qxh6 24.Rad1 Qg6
25.b3 Be6 26.Qe4 Qh6 27.Qe3 Qg6 28.Qe4 Qh6 29.Qe3 Qg6 30.Ne4
Bxd5 31.Rxd5 Rf4 32.Re1 Qf7 33.Rd2 Qe7 34.Ng5 R4f6 35.Qe4 Kh8
36.Red1 Rf5 37.b4 Qf6 38.Rd7 Ne7 39.Rxc7 Rxg5 40.hxg5 Qxf2+ 41.Kh1
Qh4+ 1/2-1/2

[Event "It"]
[Site "Oslo (Norway)"]
[Date "1973.??.??"]
[Round "10"]
[White "Wibe Terje (NOR)"]
[Black "Ogaard Leif (NOR)"]
[Result "1-0"]
[WhiteElo "2310"]
[BlackElo "2414"]
[Annotator ""]
[Source ""]
[Remark ""]

1.e4 c5 2.Nf3 Nc6 3.d4 cxd4 4.Nxd4 e6 5.Nb5 d6 6.c4 Nf6 7.N1c3
a6 8.Na3 Be7 9.Be2 O-O 10.O-O b6 11.Nc2 Ra7 12.Ne3 Rd7 13.a3
Bb7 14.b3 Ne5 15.Qc2 Ng6 16.Rd1 Nf4 17.Bf3 Qc7 18.g3 Ng6 19.Qd2
Bc6 20.Bg2 b5 21.cxb5 axb5 22.Bb2 Rb8 23.b4 Rdd8 24.Qe2 Qb7 25.f3
Ne5 26.Bf1 Qb6 27.Kh1 Rdc8 28.a4 bxa4 29.b5 Be8 30.Rxa4 Rc5 31.f4
Ned7 32.Nc4 Qc7 33.Rda1 Nb6 34.Ra7 Rb7 35.Rxb7 Qxb7 36.Nxb6 Qxb6
37.Na4 Bxb5 38.Nxb6 Bxe2 39.Bxe2 1-0

[Event "It"]
[Site "Oslo (Norway)"]
[Date "1973.??.??"]
[Round "10"]
[White "Bednarski Jacek B (POL)"]
[Black "Kovacevic Vlatko (CRO)"]
[Result "1/2-1/2"]
[WhiteElo "2400"]
[BlackElo "2485"]
[Annotator ""]
[Source ""]
[Remark ""]

1.e4 e5 2.Nf3 Nc6 3.Bb5 Nf6 4.d3 d6 5.c3 Be7 6.O-O O-O 7.Re1
a6 8.Ba4 Bg4 9.Nbd2 Nd7 10.h3 Bh5 11.g4 Bg6 12.Nf1 Nc5 13.Bc2
d5 14.exd5 Qxd5 15.Ne3 Qd8 16.Nf5 Bf6 17.Be3 Ne6 18.Qd2 Re8 19.Kg2
h6 20.Rad1 Bxf5 21.gxf5 Nf8 22.Rg1 Qd7 23.d4 e4 24.Nh2 Qxf5 25.Kh1
Ng6 26.Rg3 Bh4 27.Rg4 h5 28.Rg2 Qxh3 29.Rdg1 Rad8 30.Qd1 Bf6
31.Rg3 Qh4 32.Qf1 Nf4 33.Bb3 Ne7 34.Rg4 hxg4 35.Rxg4 Qh3 36.Bxf4
Qxf1+ 37.Nxf1 c5 38.dxc5 Nd5 39.Bd6 e3 40.fxe3 Nxe3 41.Nxe3 Rxe3
42.Rb4 Be7 43.Rxb7 Bxd6 44.cxd6 Rxd6 45.Rxf7 Kh7 46.Bc2+ Kh6
47.Rf2 Rg3 48.Kh2 Rg5 49.Be4 Rg4 50.Bg2 Rh4+ 51.Kg3 Kg5 52.Rc2
Rc4 53.Kf2 Kf4 54.b3 Rc5 55.b4 Rc4 56.Bf1 Rh6 57.Kg1 Rg6+ 58.Kf2
Rc8 59.a4 Rf8 60.Bg2 1/2-1/2

[Event "It"]
[Site "Oslo (Norway)"]
[Date "1973.??.??"]
[Round "3"]
[White "Wibe Terje (NOR)"]
[Black "Zwaig Arne (NOR)"]
[Result "0-1"]
[WhiteElo "2310"]
[BlackElo "2439"]
[Annotator ""]
[Source ""]
[Remark ""]

1.e4 e5 2.Nf3 Nc6 3.c3 d5 4.Qa4 f6 5.exd5 Qxd5 6.d4 e4 7.Nfd2
Bf5 8.Na3 Nge7 9.Ndc4 Qd7 10.Bf4 Nd5 11.Bg3 h5 12.h4 Be6 13.Nb5
a6 14.Nxc7+ Nxc7 15.Nb6 Qd8 16.Bxc7 Qxc7 17.Nxa8 Qf4 18.Bxa6
e3 19.O-O-O exf2+ 20.Kb1 bxa6 21.Qxc6+ Kf7 22.Qc7+ Qxc7 23.Nxc7
Bf5+ 24.Kc1 Bd6 25.Rd2 Bxc7 26.Rxf2 Be4 27.b3 Bg3 28.Re2 Bd3
29.Kd2 Bxe2 30.Kxe2 g5 31.hxg5 fxg5 32.c4 g4 33.b4 Re8+ 34.Kd3
h4 35.a4 Re1 36.Rxe1 Bxe1 37.Ke4 Bxb4 38.Kf4 h3 39.gxh3 gxh3
40.Kg3 Kf6 41.Kxh3 Kf5 0-1

[Event "It"]
[Site "Oslo (Norway)"]
[Date "1973.??.??"]
[Round "3"]
[White "Bednarski Jacek B (POL)"]
[Black "Kristinsson Jon (ISL)"]
[Result "1-0"]
[WhiteElo "2400"]
[BlackElo "2290"]
[Annotator ""]
[Source ""]
[Remark ""]

1.e4 c5 2.Nf3 Nc6 3.d4 cxd4 4.Nxd4 Qc7 5.Nc3 e6 6.Be2 a6 7.O-O
Nf6 8.Be3 Be7 9.f4 d6 10.Qe1 O-O 11.Qg3 Bd7 12.Rae1 b5 13.e5
dxe5 14.fxe5 Nxd4 15.Bxd4 Ne8 16.Ne4 Bc6 17.Bd3 Rd8 18.c3 Bxe4
19.Rxe4 g6 20.Qh3 Ng7 21.Rg4 Bc5 22.Kh1 Nf5 23.Bxf5 exf5 24.Rh4
Bxd4 25.cxd4 Qc4 26.Kg1 h5 27.b3 Qe2 28.Rf2 Qe1+ 29.Rf1 Qe2 30.Qg3
Qxa2 31.e6 Rfe8 32.exf7+ Kxf7 33.Rxh5 Qe2 34.Rh7+ Kf6 35.Qh4+
Ke6 36.Re1 1-0

[Event "It"]
[Site "Oslo (Norway)"]
[Date "1973.??.??"]
[Round "4"]
[White "Zwaig Arne (NOR)"]
[Black "Bednarski Jacek B (POL)"]
[Result "1/2-1/2"]
[WhiteElo "2439"]
[BlackElo "2400"]
[Annotator ""]
[Source ""]
[Remark ""]

1.g3 g6 2.Bg2 Bg7 3.d3 d5 4.Nf3 e5 5.O-O Ne7 6.e4 O-O 7.Nbd2
Nbc6 8.exd5 Nxd5 9.Nc4 Nb6 10.Bg5 f6 11.Nxb6 axb6 12.Be3 f5 13.Qd2
Be6 14.Rae1 Bd5 15.Bg5 Qd7 16.Bh6 Rxa2 17.Bxg7 Qxg7 18.c4 Bxf3
19.Bxf3 Nd4 20.Bd5+ Kh8 21.f4 c6 22.Bg2 exf4 23.Qxf4 Rxb2 24.Qd6
Re2 25.Kh1 Qf6 26.Qxf6+ Rxf6 27.Rxe2 Nxe2 28.Rb1 c5 29.Bxb7 Nd4
30.Kg2 h5 31.Bd5 Kg7 32.Ra1 f4 33.Ra7+ Kh6 34.h4 fxg3 35.Be4
Nf5 36.Bxf5 gxf5 37.Kxg3 Rd6 38.Kf4 Kg6 39.Rb7 Kf6 40.Rb8 Rd4+
41.Ke3 Rxh4 42.Rxb6+ Kg5 43.Rc6 Rh3+ 44.Ke2 Rh2+ 45.Kf3 Rh3+
46.Ke2 Rh2+ 47.Kf3 Rd2 48.Rxc5 Rxd3+ 49.Ke2 Rc3 50.Rc8 h4 51.Kd2
Ra3 52.c5 Kf4 53.Rh8 Kg3 54.Rg8+ Kf3 55.Rg1 Ra7 56.Rf1+ Kg4 57.Rg1+
Kf4 58.Rf1+ Ke4 59.Rh1 Rh7 60.Ke2 h3 61.Kf2 Kd5 62.Rc1 Rc7 63.Rc3
h2 64.Kg2 Rxc5 65.Ra3 Rc2+ 66.Kh1 Ke4 67.Re3+ Kf4 68.Rf3+ Ke4
69.Re3+ Kd4 70.Rd3+ Ke4 71.Re3+ 1/2-1/2

[Event "It"]
[Site "Oslo (Norway)"]
[Date "1973.??.??"]
[Round "8"]
[White "Bednarski Jacek B (POL)"]
[Black "Poulsson Eivind (NOR)"]
[Result "1/2-1/2"]
[WhiteElo "2400"]
[BlackElo "2340"]
[Annotator ""]
[Source ""]
[Remark ""]

1.e4 c5 2.Nf3 d6 3.Nc3 Nf6 4.e5 dxe5 5.Nxe5 Nbd7 6.Nc4 Nb6 7.Nxb6
Qxb6 8.Bb5+ Bd7 9.Bxd7+ Nxd7 10.O-O e6 11.a4 Be7 12.Qf3 a5 13.Re1
O-O 14.d3 Nf6 15.b3 Rfd8 16.Bb2 Ne8 17.Ne4 Qc6 18.Bc3 Qc7 19.Re2
Rd5 20.Rae1 b6 21.Qh3 Qf4 22.Re3 Qh4 23.Qf3 Nd6 24.Ng3 Bf6 25.Bxf6
Qxf6 26.Qxf6 gxf6 27.Rf3 Kg7 28.Rf4 Kg6 29.Kf1 f5 30.Rf3 Kg7
31.Ne2 Ne8 32.Rg3+ Kh8 33.Nc3 Rdd8 34.Nb5 Nf6 35.Nc3 Nd5 36.Nxd5
Rxd5 37.Rf3 Rd4 38.Ke2 Rg8 39.g3 Kg7 40.Ke3 Kf6 41.Kd2 1/2-1/2

[Event "It"]
[Site "Oslo (Norway)"]
[Date "1973.??.??"]
[Round "5"]
[White "Bednarski Jacek B (POL)"]
[Black "Westerinen Heikki M J (FIN)"]
[Result "1-0"]
[WhiteElo "2400"]
[BlackElo "2435"]
[Annotator ""]
[Source ""]
[Remark ""]

1.e4 c5 2.Nf3 d6 3.d4 cxd4 4.Nxd4 Nf6 5.Nc3 g6 6.Be3 Bg7 7.f3
O-O 8.Bc4 Bd7 9.Qd2 Nc6 10.Bb3 Qa5 11.O-O-O Rfc8 12.Kb1 Ne5 13.Bg5
Qd8 14.Rhe1 b5 15.Ndxb5 Bxb5 16.Nxb5 Qb6 17.Nc3 Nc4 18.Qd4 Qa5
19.Nd5 Nd7 20.Nxe7+ Kh8 21.Qd5 Qb6 22.Nxc8 Rxc8 23.Bc1 Nf6 24.Qxf7
Ne5 25.Qe6 Nfd7 26.Rxd6 Qf2 27.Rxd7 Qxe1 28.Rxg7 1-0

[Event "It"]
[Site "Oslo (Norway)"]
[Date "1973.??.??"]
[Round "1"]
[White "Zwaig Arne (NOR)"]
[Black "Johannessen Svein (NOR)"]
[Result "1/2-1/2"]
[WhiteElo "2439"]
[BlackElo "2273"]
[Annotator ""]
[Source ""]
[Remark ""]

1.g3 e5 2.d3 d5 3.Nf3 Nc6 4.Bg2 Nf6 5.O-O Be7 6.a3 O-O 7.c3 a5
8.a4 h6 9.Qc2 Be6 10.e4 dxe4 11.dxe4 Nd7 12.Rd1 Qc8 13.Be3 Nc5
14.Nbd2 1/2-1/2

[Event "It"]
[Site "Oslo (Norway)"]
[Date "1973.??.??"]
[Round "4"]
[White "Hoen Ragnar (NOR)"]
[Black "Kovacevic Vlatko (CRO)"]
[Result "0-1"]
[WhiteElo "2385"]
[BlackElo "2485"]
[Annotator ""]
[Source ""]
[Remark ""]

1.e4 Nf6 2.Nc3 d5 3.exd5 Nxd5 4.Bc4 e6 5.Nf3 Be7 6.O-O O-O 7.d4
b6 8.Qe2 Bb7 9.Rd1 Nd7 10.Ne4 c5 11.dxc5 Nxc5 12.Nxc5 bxc5 13.Bd3
Qc7 14.Bg5 Nf4 15.Qe3 Bxg5 16.Nxg5 h6 17.Ne4 Nxg2 18.Kxg2 f5
19.f3 fxe4 20.Bxe4 Rf6 21.Bxb7 Qxb7 22.Qe4 Qxe4 23.fxe4 Raf8
24.Rd2 Rg6+ 25.Kh1 Rg4 26.Re2 Rff4 27.Rae1 Kf7 28.c3 Kf6 29.b4
cxb4 30.cxb4 Ke5 31.a4 Rxe4 32.b5 Rxe2 33.Rxe2+ Kd5 34.Ra2 Rb4
35.Kg2 e5 36.Kf3 g5 37.Rd2+ Ke6 38.Ra2 h5 39.Ke3 g4 40.Kd3 Kd5
41.Kc3 Rf4 42.Kb3 h4 43.a5 g3 44.hxg3 hxg3 45.b6 axb6 46.a6 Rf8
47.Kb4 Ke4 48.Kb5 Kf3 49.Ra3+ Kf4 50.Ra1 g2 0-1

[Event "It"]
[Site "Oslo (Norway)"]
[Date "1973.??.??"]
[Round "7"]
[White "Hoen Ragnar (NOR)"]
[Black "Lundin Erik (SWE)"]
[Result "1/2-1/2"]
[WhiteElo "2385"]
[BlackElo "2375"]
[Annotator ""]
[Source ""]
[Remark ""]

1.e4 e5 2.Nf3 Nc6 3.d4 exd4 4.Nxd4 Nf6 5.Nc3 Bb4 6.Nxc6 bxc6
7.Bd3 d5 8.exd5 cxd5 9.O-O O-O 10.Qf3 c6 11.h3 Rb8 12.Ne2 Bd6
13.b3 Be5 14.Bf4 Bxf4 15.Qxf4 Bd7 16.Ng3 Re8 17.c4 Qa5 18.Bf5
Rbd8 19.cxd5 cxd5 20.Bxd7 Rxd7 21.Nf5 Re4 22.Qg5 Ne8 23.Rac1
f6 24.Qg3 d4 25.Qf3 Re5 26.Rc8 Qd5 27.Qd3 Rxf5 28.Rxe8+ Kf7 29.Rfe1
g6 30.f4 Rxf4 31.Qe2 Kg7 32.Qd2 g5 33.Qb4 Qd6 34.Qc4 d3 35.Qg8+
Kh6 36.R1e6 Qc5+ 37.Kh2 Rg7 38.Qf8 Qxf8 39.Rxf8 Rd7 40.Rfxf6+
Kg7 41.Rd6 Rd4 42.Rxd4 Rxd4 43.Rf1 d2 44.Rd1 Rd3 45.Kg1 h5 46.Kf2
h4 47.Ke2 Rg3 48.Kf2 Rd3 1/2-1/2

[Event "It"]
[Site "Oslo (Norway)"]
[Date "1973.??.??"]
[Round "9"]
[White "Hoen Ragnar (NOR)"]
[Black "Zwaig Arne (NOR)"]
[Result "1/2-1/2"]
[WhiteElo "2385"]
[BlackElo "2439"]
[Annotator ""]
[Source ""]
[Remark ""]

1.e4 e5 2.Nf3 Nc6 3.Bb5 a6 4.Ba4 b5 5.Bb3 Na5 6.Bxf7+ Kxf7 7.Nxe5+
Ke7 8.Nc3 Qe8 9.d4 Kd8 10.Qf3 Nf6 11.Bg5 Be7 12.Nd5 Rf8 13.Nxe7
Qxe7 14.O-O-O Bb7 15.Rhe1 Kc8 16.Qh3 Qe6 17.Qa3 d6 18.Qxa5 dxe5
19.f3 exd4 20.Rxd4 Nd7 21.Red1 Bc6 22.Be3 Kb7 23.b3 Qe7 24.f4
Rad8 25.Qd2 Nc5 26.Rxd8 Nxe4 27.Qd4 Rxd8 28.Qa7+ Kc8 29.Qxa6+
Bb7 30.Rxd8+ Qxd8 31.Qxb5 Nd6 32.Qe5 Bxg2 33.Qxg7 Be4 34.Bc5
Qe8 35.Bxd6 cxd6 36.Kb2 Bg6 37.Qf6 Kd7 38.f5 Qf7 39.Qxf7+ Bxf7
40.Kc3 Ke7 41.Kd4 Kf6 42.b4 Kxf5 43.b5 Be8 44.a4 Ke6 45.c4 Kd7
46.a5 Kc7 47.Kc3 Bh5 48.Kd4 Be2 49.Kd5 Bf3+ 50.Kd4 Bg2 51.Kc3
Kb7 52.Kd4 Kb8 53.Kc3 h6 54.Kd4 h5 55.Kc3 Kb7 56.Kd4 Ka7 57.Kc3
Kb7 58.Kd4 Kb8 59.Kc3 d5 60.cxd5 1/2-1/2